01274nam a22002297a 4500003000400000020001800004082001800022100002500040245004500065250000800110260001900118300000800137650002400145653002400169942001600193952016400209952016300373952016300536952016400699952016400863999001701027SGT a9788131243053 a616.025bM19M aMalamed, Stanley F.  aMedical Emergencies in the Dental office a7th bElsevierc2019 a550 aMedical Emergencies aMedical Emergencies 2ddccBK064 00102ddc4070aFDbFDd2022-05-27eAhuja Book Co. Pvt. Ltd. g2110.00iSGTUl13o616.025 M19MpFD8731r2025-03-24 00:00:00s2025-02-22w2022-04-16yBKk14353 00102ddc4070aFDbFDd2022-05-27eAhuja Book Co. Pvt. Ltd. g2110.00iSGTUl8o616.025 M19MpFD8732r2024-05-24 00:00:00s2024-05-06w2022-04-16yBKk14353 00102ddc4070aFDbFDd2022-05-27eAhuja Book Co. Pvt. Ltd. g2110.00iSGTUl7o616.025 M19MpFD8733r2024-08-07 00:00:00s2024-08-05w2022-04-16yBKk14353 00102ddc4070aFDbFDd2022-05-27eAhuja Book Co. Pvt. Ltd. g2110.00iSGTUl22o616.025 M19MpFD8734r2024-10-08 00:00:00s2024-10-08w2022-04-16yBKk14353 00102ddc4070aFDbFDd2022-05-27eAhuja Book Co. Pvt. Ltd. g2110.00iSGTUl14o616.025 M19MpFD8735r2024-05-02 00:00:00s2024-05-02w2022-04-16yBKk14353 c22771d22771